| 000 | 00669nam a2200253Ia 4500 | ||
|---|---|---|---|
| 008 | 160901s9999 xx 000 0 und d | ||
| 020 | _a1-4188-3928-0 | ||
| 050 | _aComSc QA 76.5 | ||
| 050 | _b.S73 2007 | ||
| 100 | _aStair, Ralph M. | ||
| 245 | _aSucceeding with technology : | ||
| 245 | _bcomputer system concepts for real life / | ||
| 245 | _cRalph M. Stair, Ken Baldauf. | ||
| 250 | _a2nd Edition | ||
| 260 | _aAustralia : | ||
| 260 | _bThomson Course Tech., | ||
| 260 | _c2007 | ||
| 300 | _a671 pages : | ||
| 300 | _bcol. ill. ; | ||
| 300 | _c28 cm. | ||
| 500 | _aIncludes index. | ||
| 650 | _aComputers. | ||
| 650 | _xInformation technology. | ||
| 999 |
_c300775 _d300775 |
||